<?xml version="1.0" encoding="UTF-8"?>
<record
    xmlns:xsi="http://www.w3.org/2001/XMLSchema-instance"
    xsi:schemaLocation="http://www.loc.gov/MARC21/slim http://www.loc.gov/standards/marcxml/schema/MARC21slim.xsd"
    xmlns="http://www.loc.gov/MARC21/slim">

  <leader>03270nam a22003734a 4500</leader>
  <controlfield tag="001">ebr10296483</controlfield>
  <controlfield tag="003">CaPaEBR</controlfield>
  <controlfield tag="006">m        u        </controlfield>
  <controlfield tag="007">cr cn|||||||||</controlfield>
  <controlfield tag="008">080303s2009    njua    sb    001 0 eng  </controlfield>
  <datafield tag="010" ind1=" " ind2=" ">
    <subfield code="z">  2008009573</subfield>
  </datafield>
  <datafield tag="016" ind1="7" ind2=" ">
    <subfield code="z">101467523</subfield>
    <subfield code="2">DNLM</subfield>
  </datafield>
  <datafield tag="020" ind1=" " ind2=" ">
    <subfield code="z">9780470056097 (cloth)</subfield>
  </datafield>
  <datafield tag="020" ind1=" " ind2=" ">
    <subfield code="z">0470056096 (cloth)</subfield>
  </datafield>
  <datafield tag="040" ind1=" " ind2=" ">
    <subfield code="a">CaPaEBR</subfield>
    <subfield code="c">CaPaEBR</subfield>
  </datafield>
  <datafield tag="035" ind1=" " ind2=" ">
    <subfield code="a">(OCoLC)352829614</subfield>
  </datafield>
  <datafield tag="050" ind1="1" ind2="4">
    <subfield code="a">RM301.8</subfield>
    <subfield code="b">.F67 2009eb</subfield>
  </datafield>
  <datafield tag="082" ind1="0" ind2="4">
    <subfield code="a">615/.1</subfield>
    <subfield code="2">22</subfield>
  </datafield>
  <datafield tag="245" ind1="0" ind2="0">
    <subfield code="a">Formulation and analytical development for low-dose oral drug products</subfield>
    <subfield code="h">[electronic resource] /</subfield>
    <subfield code="c">edited by Jack Zheng.</subfield>
  </datafield>
  <datafield tag="260" ind1=" " ind2=" ">
    <subfield code="a">Hoboken, N.J. :</subfield>
    <subfield code="b">John Wiley &amp; Sons,</subfield>
    <subfield code="c">c2009.</subfield>
  </datafield>
  <datafield tag="300" ind1=" " ind2=" ">
    <subfield code="a">xxiii, 461 p. :</subfield>
    <subfield code="b">ill.</subfield>
  </datafield>
  <datafield tag="504" ind1=" " ind2=" ">
    <subfield code="a">Includes bibliographical references and index.</subfield>
  </datafield>
  <datafield tag="505" ind1="0" ind2=" ">
    <subfield code="a">An overview / Jack Y. Zheng -- Challenges and strategies in formulation development of oral solid low-dose drug products / Jack Y. Zheng -- Particle size of drug substance and product content uniformity: theoretical considerations / Kevin C. Johnson -- Development of low-dose formulations using fluidized bed granulation / J. Joe Zhou, and Ralph Lipp -- Development of low-dose solid oral formulations using wet granulation / Ahmad Almaya -- Challenges in development and scale-up of low dose drug products by dry granulation: a case study / Mary T. Am Ende ... [et al.] -- Development of low-dose solid oral tablets using direct compression / Jack Y. Zheng and Robert L. Ternik -- Reduction of particle size of drug substance for low-dose drug products / Christopher L. Burcham ... [et al.] -- Function, quality, and regulations of pharmaceutical excipients for oral solid dosage forms / Jack Y. Zheng --</subfield>
  </datafield>
  <datafield tag="505" ind1="0" ind2=" ">
    <subfield code="a">Analytical method development: challenges and solutions for low-dose oral dosage forms / Beverly Nickerson ... [et al.] -- In vitro dissolution testing and method development / Vivian A. Gray, Jack Y. Zheng, and Norman N. Sesi -- Analysis of physical transformation of API during manufacture and storage / Gregory A. Stephenson -- Physical characterization tests for drug substances used in low-dose formulations / Ronald G. Lacocca -- An excipient library approach to analytical development for low-dose, solid oral dosage form drug products / Qing Chang ... [et al.] -- Cleaning verification for highly potent compounds / Brian W. Pack -- Containment challenges and strategies for potent compounds in the pharmaceutical industry / Victoria Cathcart, Sarah Jones, Beverly Nickerson -- Sample handling and containment in analytical testing laboratories / David Pattavina, Nancy Sage, Beverly Nickerson -- Regulatory considerations in the development of low-dose solid oral drug products / Ravi S. Harapanhalli.</subfield>
  </datafield>
  <datafield tag="533" ind1=" " ind2=" ">
    <subfield code="a">Electronic reproduction.</subfield>
    <subfield code="b">Palo Alto, Calif. :</subfield>
    <subfield code="c">ebrary,</subfield>
    <subfield code="d">2013.</subfield>
    <subfield code="n">Available via World Wide Web.</subfield>
    <subfield code="n">Access may be limited to ebrary affiliated libraries.</subfield>
  </datafield>
  <datafield tag="650" ind1=" " ind2="0">
    <subfield code="a">Drugs</subfield>
    <subfield code="x">Dose-response relationship.</subfield>
  </datafield>
  <datafield tag="650" ind1=" " ind2="0">
    <subfield code="a">Drugs</subfield>
    <subfield code="x">Dosage.</subfield>
  </datafield>
  <datafield tag="650" ind1=" " ind2="0">
    <subfield code="a">Oral medication.</subfield>
  </datafield>
  <datafield tag="650" ind1=" " ind2="0">
    <subfield code="a">Drug development.</subfield>
  </datafield>
  <datafield tag="655" ind1=" " ind2="7">
    <subfield code="a">Electronic books.</subfield>
    <subfield code="2">local</subfield>
  </datafield>
  <datafield tag="700" ind1="1" ind2=" ">
    <subfield code="a">Zheng, Jack.</subfield>
  </datafield>
  <datafield tag="710" ind1="2" ind2=" ">
    <subfield code="a">ebrary, Inc.</subfield>
  </datafield>
  <datafield tag="856" ind1="4" ind2="0">
    <subfield code="u">http://site.ebrary.com/lib/rucke/Doc?id=10296483</subfield>
    <subfield code="z">An electronic book accessible through the World Wide Web; click to view</subfield>
  </datafield>
  <datafield tag="999" ind1=" " ind2=" ">
    <subfield code="c">77341</subfield>
    <subfield code="d">77341</subfield>
  </datafield>
</record>
